Ricostruisci la Carriera del Calciatore - Antonín Barák - Statistics

Statistiche generali
  • Questo quiz è stato fatto 29 volte
  • Il punteggio medio è 5 su 8
Statistiche sulle risposte
Hint Risposta % Corretto
2014-2015 Graffin Vlašim
89%
2022- Fiorentina
63%
2012-2014 Příbram
63%
2020 Lecce
58%
2017-2020 Udinese
58%
2020-2022 Verona
53%
2016-2017 Slavia Praga
47%
2015-2016 Příbram
26%
Nessun quiz corrispondente trovato
Distribuzione punteggi
Percentuale di utenti per punteggio
Percentile per numero di risposta
I tuoi punteggi nel tempo
Non hai fatto questo quiz